000 00734nam a2200181Ia 4500
008 100917s9999 xx 000 0 und d
082 _b52541
100 _aजोशी वि. कृ. / लेले रा. के.
245 _aवृत्तपत्रांचा इतिहास सन 1780 ते 1600 खंड 1
260 _bयुगवाणी प्रकाशन
_c1951
300 _a560
365 _b15
520 _aनिबंध
630 _aवृत्तपत्रांचा इतिहास सन 1780 ते 1600 खंड 1
650 _aनिबंध
730 _aवृत्तपत्रांचा इतिहास सन 1780 ते 1600 खंड 1
942 _cBOOK
999 _c657935
_d657932